| 000 | 00647nam a2200229 a 4500 | ||
|---|---|---|---|
| 003 | (BD-SpBAUS) | ||
| 005 | 20250727092625.0 | ||
| 008 | 250727s2007 ii ||||| |||| 00| 0 eng d | ||
| 020 | _a864249524X | ||
| 040 |
_aBD-SpBAUS _cBD-SpBAUS |
||
| 041 | _aeng | ||
| 082 |
_a822.91 _bBEW 2007 |
||
| 100 |
_aBeckett, Samuel _92257 |
||
| 245 |
_aWaiting for Godot / _cSamuel Beckett. |
||
| 250 | _a1st ed. | ||
| 260 |
_aNew Delhi : _bBook World, _c2077 |
||
| 300 |
_a178 p. ; _c21 cm. |
||
| 504 | _aIncludes Bibliography | ||
| 650 |
_a English literature _92258 |
||
| 856 |
_uhttps://search.worldcat.org/title/1104867452 _fWorldCat |
||
| 942 |
_2ddc _cBK _n0 |
||
| 999 |
_c928 _d928 |
||